000 00588nam a2200241Ia 4500
003 OSt
005 20220918192723.0
006 a|||||r|||| 00| 0
007 ta
008 220917b |||||||| |||| 00| 0 eng d
024 _a69,822
037 _cTextual
040 _aARTS
_cARTS
_beng
041 _2eng
_aeng
082 _aR321:g, K1
100 _aEwing A C
245 0 _aIdealism
_b A critical survey
250 _a3rd
260 _aLondon
_bMethuen
_c1961
650 _aPHILOSOPHY
942 _hR321:g, K1
_cTEXL
_2CC
999 _c195951
_d195951